000 01202cam a2200349 a 4500
001 4521
003 FISKH
005 20250821141504.0
008 090123s2009 nyua b 000 1 eng
010 _a 2009001033
020 _a9780399251764
020 _a9780545222426
040 _aDLC
_cDLC
_dDLC
_beng
050 _aPZ7.G88429
082 _a469
100 1 _aGrimes, Nikki.
245 1 0 _aRich :
_ba Dyamonde Daniel book /
_cNikki Grimes ; illustrated by R. Gregory Christie.
260 _aNew York :
_bScholastic,
_c2009.
300 _a95 pages :
_billustrations ;
_c20 cm
505 _aO
520 _aFree is excited about a local poetry contest because of its cash prize, but when he and Dyamonde befriend a classmate who is homeless and living in a shelter, they rethink what it means to be rich or poor.
521 8 _a630
_bLexile
521 8 _aO
_bRaz-Plus
650 1 _aHomeless persons
_vFiction.
650 1 _aFriendship
_vFiction.
650 1 _aPoetry
_vFiction.
650 1 _aAfrican Americans
_vFiction.
700 1 _aChristie, R. Gregory,
_d1971-
_eillustrator
906 _a7
_bcbc
_corignew
_d1
_eecip
_f20
_gy-gencatlg
942 _2ddc
_cBK
_n0
999 _c4521
_d4521